| 000 | 00554nam a22002177a 4500 | ||
|---|---|---|---|
| 003 | OSt | ||
| 005 | 20140310184414.0 | ||
| 008 | 131008t xxu||||| |||| 00| 0 eng d | ||
| 020 | _a9780590430531 | ||
| 050 |
_aPZ 7 _b.V531 1874 |
||
| 100 | _aVerne, Jules. | ||
| 245 |
_aAround the world in eighty days / _cJules Verne. |
||
| 260 |
_aNew York : _bScholastic Inc., _c1874 |
||
| 300 |
_a237 p. : _c20 cm. |
||
| 521 | _aG9 | ||
| 526 | _c1070 | ||
| 651 |
_aJuvenile Fiction _926293 |
||
| 942 |
_2lcc _cBK-SCHOLAS |
||
| 999 |
_c34136 _d34136 |
||